Rolling Stone 500 Greatest Songs of All Time - Statistics

General Stats
  • This quiz has been taken 553 times
  • The average score is 74 of 500
Answer Stats
Rank Artist Song % Correct
1 Aretha Franklin Respect
87%
5 Nirvana Smells Like Teen Spirit
77%
17 Queen Bohemian Rhapsody
73%
19 John Lennon Imagine
72%
89 The Beatles Hey Jude
65%
18 Prince and the Revolution Purple Rain
65%
10 Outkast Hey Ya!
62%
44 Michael Jackson Billie Jean
58%
61 Led Zeppelin Stairway to Heaven
58%
31 The Rolling Stones (I Can't Get No) Satisfaction
55%
4 Bob Dylan Like a Rolling Stone
55%
72 The Beatles Yesterday
55%
62 U2 One
54%
118 Radiohead Creep
51%
121 The Beatles Let It Be
51%
223 Eminem feat. Dido Stan
51%
9 Fleetwood Mac Dreams
50%
30 Lorde Royals
50%
12 Stevie Wonder Superstition
50%
195 Patsy Cline Crazy
47%
307 Gnarls Barkley Crazy
47%
27 Bruce Springsteen Born to Run
46%
112 R.E.M. Losing My Religion
46%
6 Marvin Gaye What's Going On
46%
53 The Beach Boys Good Vibrations
45%
23 David Bowie Heroes
45%
36 The White Stripes Seven Nation Army
44%
33 Chuck Berry Johnny B. Goode
43%
95 Oasis Wonderwall
43%
40 The Jimi Hendrix Experience All Along the Watchtower
42%
55 Madonna Like a Prayer
42%
65 Earth, Wind, and Fire September
42%
114 Britney Spears Toxic
42%
94 Whitney Houston I Will Always Love You
41%
63 Dolly Parton Jolene
41%
37 Prince and the Revolution When Doves Cry
41%
71 Tracy Chapman Fast Car
40%
185 Michael Jackson Beat It
39%
177 Van Halen Jump
39%
213 The Rolling Stones Paint It, Black
39%
201 Johnny Cash Ring of Fire
39%
66 Simon and Garfunkel Bridge Over Troubled Water
38%
140 Bob Marley and the Wailers No Woman No Cry
38%
88 Guns N' Roses Sweet Child O' Mine
38%
16 Beyoncé feat. Jay-Z Crazy in Love
37%
133 Journey Don't Stop Believin'
37%
15 The Beatles I Want to Hold Your Hand
37%
149 Elton John Rocket Man
37%
82 Adele Rolling in the Deep
37%
79 Amy Winehouse Back to Black
36%
74 Leonard Cohen Hallelujah
36%
447 The Beatles Help!
36%
250 The Jimi Hendrix Experience Purple Haze
36%
60 Kate Bush Running Up That Hill
36%
38 Otis Redding (Sittin' On) the Dock of the Bay
36%
11 The Beach Boys God Only Knows
35%
143 The Clash London Calling
35%
2 Public Enemy Fight the Power
34%
43 The Temptations My Girl
34%
131 Ben E. King Stand by Me
34%
35 Little Richard Tutti-Frutti
34%
13 The Rolling Stones Gimme Shelter
33%
216 Elvis Presley Jailhouse Rock
33%
99 Bee Gees Stayin' Alive
33%
7 The Beatles Strawberry Fields Forever
33%
47 Elton John Tiny Dancer
32%
139 Madonna Vogue
32%
138 Blondie Heart of Glass
31%
318 Big Mama Thornton Hound Dog
31%
106 The Rolling Stones Sympathy for the Devil
31%
171 Louis Armstrong What a Wonderful World
31%
176 The Kinks You Really Got Me
31%
3 Sam Cooke A Change Is Gonna Come
30%
24 The Beatles A Day in the Life
30%
178 Billie Eilish Bad Guy
30%
311 The Eagles Hotel California
30%
127 TLC Waterfalls
30%
14 The Kinks Waterloo Sunset
30%
22 The Ronettes Be My Baby
29%
64 Ramones Blitzkrieg Bop
29%
85 Prince Kiss
29%
189 David Bowie Space Oddity
29%
211 U2 With or Without You
29%
202 Elton John Your Song
29%
200 David Bowie Changes
28%
41 Joy Division Love Will Tear Us Apart
28%
145 Outkast Ms. Jackson
28%
232 The Who My Generation
28%
100 Bob Dylan Blowin' in the Wind
27%
119 Marvin Gaye I Heard It Through the Grapevine
27%
224 Derek and the Dominos Layla
27%
264 Marvin Gaye Let's Get It On
27%
70 Elvis Presley Suspicious Minds
27%
125 Sex Pistols Anarchy in the U.K.
26%
243 The Beatles Eleanor Rigby
26%
104 The Jackson 5 I Want You Back
26%
339 Prince 1999
25%
8 Missy Elliott Get Ur Freak On
25%
401 Fleetwood Mac Go Your Own Way
25%
59 Grandmaster Flash and the Furious Five The Message
25%
46 M.I.A Paper Planes
24%
286 ABBA Dancing Queen
23%
347 Elvis Presley Heartbreak Hotel
23%
167 Eminem Lose Yourself
23%
184 Sinéad O'Connor Nothing Compares 2 U
23%
152 Creedence Clearwater Revival Proud Mary
23%
135 The Beatles She Loves You
23%
21 Billie Holiday Strange Fruit
23%
58 The Band The Weight
23%
115 Etta James At Last
22%
205 Britney Spears ...Baby One More Time
22%
130 Martha and the Vandellas Dancing in the Street
22%
305 The Police Every Breath You Take
22%
98 The Beatles In My Life
22%
76 Johnny Cash I Walk the Line
22%
251 Gloria Gaynor I Will Survive
22%
338 Black Sabbath Paranoid
22%
228 Beyoncé Single Ladies (Put a Ring On it)
22%
51 Dionne Warwick Walk on By
22%
312 Isaac Hayes Walk on By
22%
134 Tina Turner What's Love Got to Do With It
22%
96 Jay-Z 99 Problems
21%
199 Aerosmith Dream On
21%
227 Creedence Clearwater Revival Fortunate Son
21%
148 Led Zeppelin Kashmir
21%
84 Al Green Let's Stay Together
21%
105 David Bowie Life on Mars?
21%
360 Prince Little Red Corvette
21%
141 Rod Stewart Maggie May
21%
198 Marvin Gaye Sexual Healing
21%
54 Smokey Robinson and the Miracles The Tracks of My Tears
21%
128 Led Zeppelin Whole Lotta Love
21%
302 Pink Floyd Wish You Were Here
21%
386 The Kinks Lola
20%
247 Joni Mitchell River
20%
150 Green Day Basket Case
19%
357 Taylor Swift Blank Space
19%
147 Fats Domino Blueberry Hill
19%
179 Pink Floyd Comfortably Numb
19%
20 Robyn Dancing on My Own
19%
219 Tom Petty Free Fallin'
19%
92 Little Richard Good Golly, Miss Molly
19%
52 Donna Summer I Feel Love
19%
28 Talking Heads Once in a Lifetime
19%
34 James Brown Papa's Got a Brand New Bag
19%
280 The Beatles Penny Lane
19%
42 Bob Marley and the Wailers Redemption Song
19%
110 The Beatles Something
19%
111 Bruce Springsteen Thunder Road
19%
452 Toto Africa
18%
420 The Mamas and the Papas California Dreamin'
18%
390 Metallica Enter Sandman
18%
242 Jerry Lee Lewis Great Balls of Fire
18%
303 TLC No Scrubs
18%
69 Taylor Swift All Too Well
17%
57 Sly and the Family Stone Family Affair
17%
190 N.W.A. Fuck tha Police
17%
163 Fleetwood Mac Landslide
17%
310 The Doors Light My Fire
17%
164 Bob Dylan Mr. Tambourine Man
17%
230 The Byrds Mr. Tambourine Man
17%
370 Buddy Holly Peggy Sue
17%
93 Kelly Clarkson Since U Been Gone
17%
491 Guns N' Roses Welcome to the Jungle
17%
320 2Pac California Love
16%
49 Lauryn Hill Doo Wop (That Thing)
16%
50 Daddy Yankee Gasolina
16%
365 Sex Pistols God Save the Queen
16%
68 Chic Good Times
16%
32 Notorious B.I.G Juicy
16%
101 Yeah Yeah Yeahs Maps
16%
90 Aretha Franklin (You Make Me Feel Like) A Natural Woman
16%
399 Sylvester You Make Me Feel (Mighty Real)
16%
159 The Who Baba O'Riley
15%
436 Carly Rae Jepsen Call Me Maybe
15%
75 Pulp Common People
15%
319 Tears for Fears Everybody Wants to Rule the World
15%
283 Ray Charles Georgia on My Mind
15%
231 Whitney Houston I Wanna Dance With Somebody (Who Loves Me)
15%
240 Backstreet Boys I Want It That Way
15%
236 Bill Withers Lean on Me
15%
156 The Kingsmen Louie Louie
15%
490 Lil Nas X Old Town Road
15%
500 Kanye West Stronger
15%
332 Rihanna feat. Jay-Z Umbrella
15%
429 Queen and David Bowie Under Pressure
15%
80 Ray Charles What'd I Say
15%
193 The Rolling Stones Wild Horses
15%
103 Alanis Morissette You Oughta Know
15%
309 Bill Withers Ain't No Sunshine
14%
209 Don Henley Boys of Summer
14%
109 Sly and the Family Stone Everyday People
14%
321 U2 I Still Haven't Found What I'm Looking For
14%
108 The Cure Just Like Heaven
14%
207 Rage Against the Machine Killing in the Name
14%
457 Bon Jovi Livin' on a Prayer
14%
212 Boston More Than a Feeling
14%
221 Ike and Tina Turner River Deep, Mountain High
14%
300 The B-52's Rock Lobster
14%
25 Kanye West feat. Pusha T Runaway
14%
293 Alice Cooper School's Out
14%
67 Bob Dylan Tangled Up in Blue
14%
137 Ariana Grande Thank U, Next
14%
124 Buddy Holly That'll Be the Day
14%
313 Smokey Robinson and the Miracles The Tears of a Clown
14%
417 Mark Ronson feat. Bruno Mars Uptown Funk
14%
180 Lou Reed Walk on the Wild Side
14%
56 Missy Elliott Work It
14%
499 The Supremes Baby Love
13%
467 Nirvana Come as You Are
13%
107 Wu-Tang Clan C.R.E.A.M
13%
73 Beyoncé Formation
13%
97 Patti Smith Gloria
13%
413 Them Gloria
13%
291 Phil Collins In the Air Tonight
13%
273 Roberta Flack Killing Me Softly With His Song
13%
359 Fugees Killing Me Softly With His Song
13%
29 Dr. Dre feat. Snoop Doggy Dogg Nuthin' but a 'G' Thang
13%
168 Dusty Springfield Son of a Preacher Man
13%
153 Rick James Super Freak
13%
328 Red Hot Chili Peppers Under the Bridge
13%
290 Usher feat. Lil Jon and Ludacris Yeah!
13%
169 Tom Petty and the Heartbreakers American Girl
12%
337 Cher Believe
12%
235 New Order Blue Monday
12%
39 Outkast B.O.B
12%
259 Neil Young Heart of Gold
12%
373 Drake Hotline Bling
12%
444 50 Cent In Da Club
12%
45 Kendrick Lamar Alright
11%
484 Weezer Buddy Holly
11%
146 James Taylor Fire and Rain
11%
407 Lynyrd Skynyrd Free Bird
11%
196 James Brown Get Up (I Feel Like Being A) Sex Machine
11%
394 Jeff Buckley Grace
11%
102 Chuck Berry Maybelline
11%
378 The Killers Mr. Brightside
11%
353 Eurythmics Sweet Dreams (Are Made of This)
11%
269 The Righteous Brothers Unchained Melody
11%
206 Glen Campbell Wichita Lineman
11%
297 The Beach Boys Wouldn't It Be Nice
11%
26 Joni Mitchell A Case of You
10%
166 Mott the Hoople All the Young Dudes
10%
271 Procol Harum A Whiter Shade of Pale
10%
371 Elton John Bennie and the Jets
10%
225 Joni Mitchell Both Sides Now
10%
306 Aretha Franklin Chain of Fools
10%
423 Fiona Apple Criminal
10%
217 Stevie Nicks Edge of Seventeen
10%
126 George Michael Freedom! '90
10%
398 Duran Duran Hungry Like the Wolf
10%
144 The Rolling Stones Jumpin' Jack Flash
10%
279 Radiohead Karma Police
10%
78 The Four Tops Reach Out (I'll Be There)
10%
203 Stevie Wonder Signed, Sealed, Delivered I'm Yours
10%
471 The Animals The House of the Rising Sun
10%
453 Missy Elliott The Rain (Supa Dupa Fly)
10%
295 The Who Won't Get Fooled Again
10%
482 Lady Gaga Bad Romance
9%
358 Patti Smith Because the Night
9%
418 Booker T. and the MG's Green Onions
9%
48 Radiohead Idioteque
9%
344 Black Sabbath Iron Man
9%
117 Aretha Franklin I Say a Little Prayer
9%
116 Rob Base and DJ E-Z Rock It Takes Two
9%
155 The Strokes Last Nite
9%
458 Beck Loser
9%
256 Metallica Master of Puppets
9%
268 The Isley Brothers Shout (Parts 1 and 2)
9%
248 N.W.A. Straight Outta Compton
9%
368 Soundgarden Black Hole Sun
8%
449 Blue Öyster Cult (Don't Fear) The Reaper
8%
409 Foo Fighters Everlong
8%
465 Daft Punk feat. Pharell Williams Get Lucky
8%
421 The Smiths How Soon Is Now?
8%
384 Cardi B, J Balvin, and Bad Bunny I Like It
8%
81 The Velvet Underground I'm Waiting for the Man
8%
122 The Impressions People Get Ready
8%
187 Bob Dylan Subterranean Homesick Blues
8%
497 Lizzo Truth Hurts
8%
330 The Notorious B.I.G. Big Poppa
7%
461 Roy Orbison Crying
7%
208 Hole Doll Parts
7%
346 BTS Dynamite
7%
392 Coldplay Fix You
7%
233 Deee-Lite Groove Is in the Heart
7%
113 Stevie Wonder Higher Ground
7%
129 Drake feat. Majid Jordan Hold On, We're Going Home
7%
170 The Five Satins In the Still of the Night
7%
299 Screamin' Jay Hawkins I Put a Spell on You
7%
325 Iggy Pop Lust for Life
7%
333 The Temptations Papa Was a Rolling Stone
7%
377 The Cure Pictures of You
7%
162 Nick Drake Pink Moon
7%
174 R.E.M. Radio Free Europe
7%
427 Sugar Hill Gang Rapper's Delight
7%
428 Harry Styles Sign of the Times
7%
294 The Velvet Underground Sweet Jane
7%
226 The Smiths There is a Light That Never Goes Out
7%
182 Simon and Garfunkel The Sounds of Silence
7%
123 Talking Heads This Must Be the Place (Naive Melody)
7%
494 Cyndi Lauper Time After Time
7%
204 David Bowie Young Americans
7%
495 Carly Simon You're So Vain
7%
442 Motörhead Ace of Spades
6%
87 LCD Soundsystem All My Friends
6%
249 Joan Jett Bad Reputation
6%
220 New Order Bizarre Love Triangle
6%
277 Bo Diddley Bo Diddley
6%
270 Nine Inch Nails Closer
6%
255 Loretta Lynn Coal Miner's Daughter
6%
363 Bob Marley and the Wailers Could You Be Loved
6%
181 The Byrds Eight Miles High
6%
260 The Wailers Get Up, Stand Up
6%
142 George Jones He Stopped Loving Her Today
6%
186 The Staple Singers I'll Take You There
6%
341 The Monkees I'm a Believer
6%
385 Diana Ross I'm Coming Out
6%
175 The Flamingos I Only Have Eyes for You
6%
316 The Shangri-Las Leader of the Pack
6%
402 Bill Withers Lovely Day
6%
470 Gladys Knight and the Pips Midnight Train to Georgia
6%
424 Blackstreet feat. Dr. Dre and Queen Pen No Diggity
6%
132 Eric B. and Rakim Paid in Full
6%
383 Childish Gambino Redbone
6%
77 The Modern Lovers Roadrunner
6%
254 The Supremes Stop! In the Name of Love
6%
456 Lana Del Rey Summertime Sadness
6%
426 Nicki Minaj Super Bass
6%
272 Thin Lizzy The Boys Are Back in Town
6%
229 Woody Guthrie This Land Is Your Land
6%
493 The Pixies Where Is My Mind?
6%
431 Prince Adore
5%
396 Elvis Costello Alison
5%
416 Pearl Jam Alive
5%
389 Pretenders Brass in Pocket
5%
414 Blondie Dreaming
5%
468 Mazzy Star Fade Into You
5%
419 Mariah Carey Fantasy
5%
257 Martha Reeves and the Vandellas Heat Wave
5%
91 UGK Feat. Outkast Int'l Players Anthem (I Choose You)
5%
161 Madonna Into the Groove
5%
188 The Jimi Hendrix Experience Little Wing
5%
173 Television Marquee Moon
5%
172 Nina Simone Mississippi Goddam
5%
282 INXS Never Tear Us Apart
5%
160 R.E.M. Nightswimming
5%
191 Bobbie Gentry Ode to Billie Joe
5%
194 PJ Harvey Rid of Me
5%
245 Beastie Boys Sabotage
5%
438 Megan Thee Stallion feat. Beyoncé Savage (Remix)
5%
285 Destiny's Child Say My Name
5%
222 Crosby, Stills, and Nash Suite: Judy Blue Eyes
5%
356 Cheap Trick Surrender
5%
284 Leonard Cohen Suzanne
5%
157 Sonic Youth Teenage Riot
5%
136 Otis Redding Try a little Tenderness
5%
86 The Rolling Stones Tumbling Dice
5%
433 Pet Shop Boys West End Girls
5%
343 The Doobie Brothers What a Fool Believes
5%
183 Stevie Wonder You Are the Sunshine of My Life
5%
287 AC/DC You Shook Me All Night Long
5%
485 Azealia Banks 212
4%
486 Lil Wayne A Milli
4%
412 Neneh Cherry Buffalo Stance
4%
83 Bob Dylan Desolation Row
4%
415 Depeche Mode Enjoy the Silence
4%
469 Dixie Chicks Goodbye Earl
4%
197 Ann Peebles I Can't Stand the Rain
4%
345 Carole King It's Too Late
4%
314 The Stooges I Wanna Be Your Dog
4%
120 X-Ray Spex Oh Bondage! Up Yours!
4%
210 Funkadelic One Nation Under a Groove
4%
477 The Go-Gos Our Lips Are Sealed
4%
354 Michael Jackson Rock With You
4%
267 Drake feat. Rihanna Take Care
4%
455 Jefferson Airplane White Rabbit
4%
323 Everly Brothers All I Have to Do Is Dream
3%
489 The Breeders Cannonball
3%
263 Dolly Parton Coat of Many Colors
3%
408 Cat Stevens/Yusuf Father and Son
3%
252 Parliament Flash Light
3%
464 Joni Mitchell Help Me
3%
483 The Four Tops I Can't Help Myself (Sugar Pie, Honey Bunch)
3%
218 Wilson Pickett In the Midnight Hour
3%
352 Ice Cube It Was a Good Day
3%
298 Bruce Springsteen Jungleland
3%
480 Biz Markie Just a Friend
3%
274 Al Green Love and Happiness
3%
474 Curtis Mayfield Move On Up
3%
466 Luther Vandross Never Too Much
3%
301 Bob Seger Night Moves
3%
395 Afrika Bambaataa and the Soulsonic Force Planet Rock
3%
331 The Marvelettes Please Mr. Postman
3%
327 Mary J. Blige Real Love
3%
296 Bikini Kill Rebel Girl
3%
404 Kiss Rock and Roll All Nite
3%
434 Ramones Sheena is a Punk Rocker
3%
336 Hall and Oates She's Gone
3%
215 Mobb Deep Shook Ones, Pt. II
3%
472 Peter Gabriel Solsbury Hill
3%
492 Miles Davis So What
3%
432 Eddie Cochran Summertime Blues
3%
349 The Zombies Time of the Season
3%
304 Kraftwerk Trans-Europe Express
3%
379 D'Angelo Untitled (How Does It Feel)
3%
317 Bob Dylan Visions of Johanna
3%
151 The Shirelles Will You Love Me Tomorrow
3%
496 Harry Nilsson Without You
3%
322 Neil Young After the Gold Rush
2%
403 Rufus and Chaka Khan Ain't Nobody
2%
405 Selena Amor Prohibido
2%
289 Bruce Springsteen Atlantic City
2%
451 Migos feat. Lil Uzi Vert Bad and Boujee
2%
397 Public Enemy Bring the Noise
2%
292 A Tribe Called Quest Can I Kick It?
2%
158 The Meters Cissy Strut
2%
445 T Rex Cosmic Dancer
2%
487 Solange Cranes in the Sky
2%
214 Steely Dan Deacon Blues
2%
308 Liz Phair Divorce Song
2%
355 Thelma Houston Don't Leave Me This Way
2%
276 Buzzcocks Ever Fallen in Love (With Someone You Shouldn't've)
2%
281 Clipse Grindin'
2%
488 The Weeknd House of Balloons
2%
372 Bonnie Raitt I Can't Make You Love Me
2%
165 Hank Williams I'm So Lonesome I Could Cry
2%
376 Merle Haggard Mama Tried
2%
425 Muddy Waters Mannish Boy
2%
192 Geto Boys Mind Playing Tricks on Me
2%
335 Marshall Jefferson Move Your Body (The House Music Anthem)
2%
246 Faces Ooh La La
2%
382 Fiona Apple Paper Bag
2%
388 DMX Party Up (Up In Here)
2%
387 New York Dolls Personality Crisis
2%
326 Rilo Kiley Portions for Foxes
2%
342 Chuck Berry Promised Land
2%
315 John Coltrane Pt. 1 - Acknowledgement
2%
261 Curtis Mayfield Pusherman
2%
380 Fountains of Wayne Radiation Vibe
2%
475 Janet Jackson Rhythm Nation
2%
446 Bruce Springsteen Rosalita (Come Out Tonight)
2%
329 Bad Bunny Safaera
2%
393 James Brown Say It Loud (I'm Black and I'm Proud)
2%
324 Billy Joel Scenes From an Italian Restaurant
2%
154 Howlin' Wolf Spoonful
2%
391 Eric Church Springsteen
2%
473 Tammy Wynette Stand by Your Man
2%
400 David Bowie Station to Station
2%
443 Fall Out Boy Sugar, We're Goin Down
2%
258 Gil-Scott Heron The Revolution Will Not Be Televised
2%
367 Frank Ocean Thinkin Bout You
2%
381 The Slits Typical Girls
2%
375 The Drifters Up on the Roof
2%
410 Allman Brothers Band Whipping Post
2%
340 The Clash (White Man) in Hammersmith Palais
2%
262 Paul Simon American Tune
1%
350 John Prine Angel From Montgomery
1%
238 Aaliyah Are You That Somebody?
1%
478 Juvenile feat. Lil Wayne and Mannie Fresh Back That Azz Up
1%
454 Sister Nancy Bam Bam
1%
374 William DeVaughn Be Thankful for What You Got
1%
253 Willie Nelson Blue Eyes Crying in the Rain
1%
463 John Lee Hooker Boom Boom
1%
364 The Grateful Dead Box of Rain
1%
481 Robert Johnson Cross Road Blues
1%
366 The Crystals Da Doo Ron Ron
1%
422 Craig Mack feat. Notorious B.I.G., LL Cool J, Busta Rhymes, Rampage Flava in Ya Ear (Remix)
1%
361 Jimmy Cliff Harder They Come
1%
411 Wilco Heavy Metal Drummer
1%
440 Alicia Keys If I Ain't Got You
1%
462 Van Morrison Into the Mystic
1%
369 The Cars Just What I Needed
1%
460 Steel Pulse Klu Klux Klan
1%
435 Rush Limelight
1%
362 Kacey Musgraves Merry Go 'Round
1%
459 Sade No Ordinary Love
1%
479 Santana Oye Como Va
1%
498 Townes Van Zandt Pancho and Lefty
1%
437 Lucinda Williams Passionate Kisses
1%
351 Jorge Ben Ponta de Lança Africano (Umbabarauma)
1%
450 Neil Young Powderfinger
1%
278 Toots and the Maytals Pressure Drop
1%
334 The Grateful Dead Ripple
1%
275 Randy Newman Sail Away
1%
239 Big Star September Gurls
1%
406 Run-DMC Sucker MC's
1%
244 Pavement Summer Babe (Winter Version)
1%
476 Kris Kristofferson Sunday Mornin' Comin' Down
1%
441 Miranda Lambert The House That Built Me
1%
241 Digital Underground The Humpty Dance
1%
448 Erykah Badu Tyrone
1%
348 Roxy Music Virginia Plain
1%
234 The Supremes You Keep Me Hangin' On
1%
237 Hank Williams Your Cheatin' Heart
1%
266 Augustus Pablo King Tubby Meets the Rockers Uptown
0%
439 Celia Cruz La Vida Es un Carnaval
0%
265 The Replacements Left of the Dial
0%
288 The Funky 4+1 That's the Joint
0%
430 Pete Rock and CL Smooth They Reminisce Over You
0%
No matching quizzes found
Score Distribution
Percent of People with Each Score
Percentile by Number Answered
Your Score History
You have not taken this quiz